000 00619nam a22001937a 4500
003 OSt
008 260430b |||||||| |||| 00| 0 eng d
082 _a635.35
_bM87E
100 _aMunda, Bidya Dhar Singh.
245 _aEffect of Soil Application of Boron and Molybdenum on Growth and Yield of Cauliflower (Brassica oleracea Var. botrytis L.) /
_cby Bidya Dhar Singh Munda
260 _a.- Sabour, Bhagalpur
_b: Bihar Agricultural College, RAU
_c, 2001
300 _a95p.
502 _bPh. D.
_d2001
650 _aHorticulture
650 _aCauliflower
650 _aThesis
650 _aPh. D.
942 _2ddc
_cT
999 _c50342
_d50342